Nazwij pasujące polskie miasto #1 - Statystyki

Ogólne statystyki
  • Ten quiz został rozwiązany 2 908 razy
    2 761 od ostatniego zresetowania
  • Średni wynik to 10 z 16
Statystyki odpowiedzi
Nazwij pasujące
polskie miasto...
# Odpowiedź % Poprawnych
które jest stolicą województwa kujawsko-pomorskiego 2 Bydgoszcz | Toruń
97%
który posiada klub, który przynajmniej raz w ostatnich trzech sezonach wygrał piłkarską Ekstraklase 3 Częstochowa | Poznań | Białystok
92%
które leży w województwie zachodniopomorskim oraz ma dostęp do morza (nie uwzględniając miast leżących nad Zalewem Szczecińskim) 6 Świnoujście | Międzyzdroje | Dziwnów | Kołobrzeg | Mielno | Darłowo
92%
w którym urodził się co najmniej jeden prezydent III RP (nie uwzględniając osób, którzy tylko tymczasowo pełnili tę funkcje) 6 Kurów | Białogard | Warszawa | Oborniki Śląskie | Kraków | Gdańsk
86%
które graniczy z Czechami 13 Jastrzębie-Zdrój | Cieszyn | Głuchołazy | Kudowa-Zdrój | Międzylesie | Duszniki-Zdrój | Lubawka | Karpacz | Szklarska Poręba | Zawidów | Bogatynia | Jelenia Góra | Ustroń | Wisła
85%
które jest położone w Tatrach 1 Zakopane
83%
które leży na Półwyspie Helskim (nie uwzględniając Helu) 2 Władysławowo | Jastarnia
80%
które leży w Górnośląskiej Zagłębiowskiej Metropolii, mające od 40 do 100 tys. mieszkańców 6 Mysłowice | Siemianowice Śląskie | Tarnowskie Góry | Będzin | Piekary Śląskie | Świętochłowice
64%
które znajduje się na terenie Okręgu Miedziowego 9 Legnica | Lubin | Głogów | Polkowice | Chocianów | Przemków | Ścinawa | Chojnów | Prochowice
61%
które zaczyna się na literę Ć 1 Ćmielów
52%
które znajduje się w powiecie strzelecko-drezdeneckim 3 Strzelce Krajeńskie | Dobiegniew | Drezdenko
48%
które jest jednym z czterech najbardziej na wschód wysuniętych miast Polski 4 Łaszczów | Tyszowce | Hrubieszów | Hajnówka
42%
które na 100 tysięcy mieszkańców ma więcej niż 50 przestępstw 9 Wąbrzeźno | Grajewo | Mysłowice | Gołdap | Szczuczyn | Rajgród | Katowice | Nowy Sącz | Włocławek
31%
które posiada większą gęstość zaludnienia niż 2500os./km² 6 Ząbki | Piastów | Swarzędz | Legionowo | Świętochłowice | Nowe Skalmierzyce
23%
które znajduje się maksymalnie 5km od granic Biebrzańskiego Parku Narodowego 5 Mońki | Goniądz | Lipsk | Tykocin | Dąbrowa Białostocka
18%
które otrzymało prawa miejskie w 2023r. 15 Miękinia | Jeżów | Dąbrowice | Rozprza | Ujazd | Książ Wielki | Czarny Dunajec | Latowicz | Bodzanów | Jastrząb | Jadów | Włodowice | Łopuszno | Piekoszów | Miasteczko Krajeńskie
14%
Nie znaleziono quizów pasujących do podanych kryteriów
Rozkład punktacji
Procent ludzi z każdym wynikiem
Percentyl według liczby udzielonych odpowiedzi
Twoja historia wyników
Nie rozwiązałeś tego quizu od ostatniego zresetowania